| 000 | 01456nam a22003137a 4500 | ||
|---|---|---|---|
| 001 | BRCA_9240 | ||
| 003 | FranzMayer | ||
| 005 | 20221004172419.0 | ||
| 008 | 221004b |||||||| |||| 00| 0 eng d | ||
| 020 | _a9780936227320 | ||
| 040 |
_bspa _cMFM |
||
| 041 | _aeng | ||
| 050 | 0 | 0 |
_aN4543.A5 _bD35 2018 |
| 110 | 2 |
_aDallas Museum of Art, _eautor. _92769 |
|
| 245 | 1 | 3 |
_aAn enduring legacy : _bthe McDermott collection of impressionist and modern art / |
| 260 |
_aDallas : _bDallas Museum of Art, _c2018 |
||
| 300 |
_a135 pp : _bil. fot. ; _c27.5 x 30 cm. |
||
| 504 | _aIncluye referencias bibliográficas | ||
| 505 | 2 |
_tA legacy for the ages : Margarete and Eugene McDermott and the Shaping of the Dallas Museum of Art / _rNatalie H. Lee. |
|
| 520 | _aCatálogo de la exposición "An Enduring Legacy: The Eugene and Margaret McDermott Collection of Impressionist and Modern Art" realizada en Dallas, Texas (14 de junio 2018 - 10 de febrero 2019) | ||
| 600 | 1 | 0 |
_aMcDermott, Eugene, _d1899-1973 _xColecciones de arte _vExposiciones _928586 |
| 600 | 1 | 0 |
_aMcDermott, Margaret Milam, _d1912- _xColecciones de arte _vExposiciones _928587 |
| 610 | 2 | 0 |
_aDallas Museum of Art _vExposiciones _928588 |
| 650 | 0 |
_aArte moderno _ySiglo XIX _vExposiciones _928589 |
|
| 650 | 0 |
_aArte moderno _ySiglo XX _vExposiciones _928590 |
|
| 650 | 0 |
_aArte _xColecciones particulares _zTexas _zDallas _vExposiciones _928591 |
|
| 700 | 1 |
_aMyers, Nicole R., _eed. _928592 |
|
| 942 |
_2lcc _cB |
||
| 999 |
_c10859 _d10859 |
||